[Event "SC Mülheim 1 - SG Bochum 3"]
[Site "Verbandsliga, Gruppe 2 2017/2"]
[Date "2017.10.08"]
[Round "2.3"]
[White "Boehle, Lars"]
[Black "Riese, Manfred"]
[Result "1/2-1/2"]
[WhiteElo "2109"]
[BlackElo "1815"]
[PlyCount "54"]
[EventDate "2017.??.??"]

1. d4 d6 2. e4 Nf6 3. Nc3 c6 4. Nge2 g6 5. g3 Bg7 6. Bg2 O-O 7. O-O e5 8. h3
Nbd7 9. Be3 Qc7 10. g4 Re8 11. Ng3 Nf8 12. g5 N6d7 13. d5 c5 14. Qd2 a6 15. a4
b6 16. Rab1 Rb8 17. b4 cxb4 18. Rxb4 Nc5 19. Rfb1 Bd7 20. Bf1 Rec8 21. Kh2 Be8
22. Be2 Bd7 23. h4 Be8 24. h5 Nfd7 25. Kg2 Nf8 26. Bg4 Bd7 27. Be2 Be8 1/2-1/2

[Event "SC Mülheim 1 - SG Bochum 3"]
[Site "Verbandsliga, Gruppe 2 2017/2"]
[Date "2017.10.08"]
[Round "2.4"]
[White "Straenger, Petra"]
[Black "Fistoul, Boris"]
[Result "0-1"]
[WhiteElo "1814"]
[BlackElo "1961"]
[PlyCount "64"]
[EventDate "2017.??.??"]

1. d4 e6 2. Nf3 b6 3. c4 Bb7 4. Nc3 f5 5. e3 Nf6 6. Be2 Be7 7. O-O O-O 8. Qb3
Ne4 9. a4 c5 10. a5 Nxc3 11. bxc3 d6 12. axb6 axb6 13. Rxa8 Bxa8 14. Bd2 Qc7
15. Ra1 Nd7 16. Ne1 e5 17. Nd3 g5 18. f4 gxf4 19. exf4 exd4 20. cxd4 Bf6 21.
Be3 cxd4 22. Bf2 Nc5 23. Qa3 Be4 24. Rd1 Ra8 25. Qb2 Na4 26. Qb3 Nc3 27. Re1
Kh8 28. Nb4 Nxe2+ 29. Rxe2 Qg7 30. g3 Qg4 31. Ra2 Rxa2 32. Qxa2 Qd1+ 0-1

[Event "SC Mülheim 1 - SG Bochum 3"]
[Site "Verbandsliga, Gruppe 2 2017/2"]
[Date "2017.10.08"]
[Round "2.5"]
[White "Biermann, Florian"]
[Black "Heinzel, Peter"]
[Result "1-0"]
[WhiteElo "1921"]
[BlackElo "1906"]
[PlyCount "93"]
[EventDate "2017.??.??"]

1. g3 Nf6 2. Bg2 c5 3. d3 g6 4. c4 Bg7 5. Nc3 e6 6. e4 d6 7. Nge2 Nc6 8. O-O
O-O 9. h3 a6 10. Be3 Rb8 11. a4 b6 12. Qd2 Bb7 13. f4 Ne7 14. d4 Qc7 15. d5
exd5 16. exd5 Rbe8 17. g4 h5 18. Bf3 Bc8 19. g5 Nh7 20. Kg2 Bf5 21. Ng3 Qd7 22.
Nxf5 Nxf5 23. Bf2 Re7 24. a5 b5 25. cxb5 axb5 26. Be2 b4 27. Na4 Bd4 28. Nb6
Qe8 29. Bd3 Be3 30. Qd1 Nd4 31. Bxe3 Rxe3 32. Re1 Rxe1 33. Qxe1 Qd8 34. Qd1 Re8
35. Qa4 Nxg5 36. Qd7 Nxh3 37. Qxd8 Nxf4+ 38. Kg3 Rxd8 39. Kxf4 f6 40. a6 g5+
41. Kg3 f5 42. a7 f4+ 43. Kf2 g4 44. a8=Q Rxa8 45. Rxa8+ Kg7 46. Nc4 Kf6 47.
Rf8+ 1-0

[Event "SC Mülheim 1 - SG Bochum 3"]
[Site "Verbandsliga, Gruppe 2 2017/2"]
[Date "2017.10.08"]
[Round "2.6"]
[White "Achenbach, Manfred"]
[Black "Biermann, Lenhard"]
[Result "1/2-1/2"]
[WhiteElo "1979"]
[BlackElo "1938"]
[PlyCount "79"]
[EventDate "2017.??.??"]

1. Nf3 e6 2. c4 c5 3. g3 Nc6 4. Bg2 g6 5. d4 Bg7 6. d5 Nd4 7. Nxd4 cxd4 8. O-O
Ne7 9. Na3 d6 10. Nc2 e5 11. e3 dxe3 12. Nxe3 O-O 13. Bd2 f5 14. Bc3 f4 15. Nc2
Nf5 16. Ne1 Qg5 17. Nf3 Qh6 18. Qd3 g5 19. Nd2 Ne7 20. Ne4 Bf5 21. Rae1 b6 22.
gxf4 gxf4 23. Bf3 Kh8 24. Kh1 Qh3 25. Rg1 Ng8 26. Qe2 Bxe4 27. Bxe4 f3 28. Qd3
Rf4 29. Rg3 Qh4 30. Bxf3 Nf6 31. Reg1 Bh6 32. Be2 Ne4 33. Be1 Nxf2+ 34. Bxf2
Rxf2 35. Rh3 Qf4 36. Rg4 Qc1+ 37. Rg1 Qf4 38. Rg4 Qc1+ 39. Rg1 Qf4 40. Rg4
1/2-1/2

[Event "SC Mülheim 1 - SG Bochum 3"]
[Site "Verbandsliga, Gruppe 2 2017/2"]
[Date "2017.10.08"]
[Round "2.7"]
[White "Zeldin, Vitali"]
[Black "Riek, Wolfgang"]
[Result "1/2-1/2"]
[WhiteElo "1970"]
[BlackElo "1763"]
[PlyCount "132"]
[EventDate "2017.??.??"]

1. e4 e5 2. Nf3 Nc6 3. Bb5 d6 4. d4 exd4 5. Nxd4 Bd7 6. O-O Nf6 7. Nc3 Be7 8.
h3 O-O 9. Bxc6 bxc6 10. Qf3 c5 11. Nf5 Bxf5 12. Qxf5 Re8 13. Rd1 g6 14. Qf3 Nd7
15. Bf4 Bf6 16. Rab1 Ne5 17. Qe2 c6 18. Bg3 Qe7 19. Re1 Rad8 20. Qa6 Qc7 21.
Na4 Nd7 22. Rbd1 Be5 23. Bxe5 Rxe5 24. f4 Re7 25. Qd3 Nf6 26. Nxc5 Qb6 27. Qd4
Ne8 28. b4 Rb8 29. Nb3 Qxb4 30. Qxb4 Rxb4 31. Nd4 Rc4 32. Rd2 f5 33. e5 dxe5
34. Rxe5 Kf7 35. g3 Nf6 36. Nf3 Ne4 37. Ng5+ Nxg5 38. Rxe7+ Kxe7 39. fxg5 Rc3
40. Kf2 Ra3 41. c4 Rc3 42. Rb2 Rd3 43. c5 Ke6 44. Re2+ Kf7 45. Rb2 Ke6 46. a4
Rd5 47. Rc2 Rd4 48. Rb2 Rd7 49. a5 Kd5 50. Rc2 a6 51. Rd2+ Ke6 52. Rb2 Kd5 53.
Rb6 Ra7 54. Ke3 Kxc5 55. Kf4 Kd5 56. h4 c5 57. h5 c4 58. hxg6 hxg6 59. Ke3 Re7+
60. Kd2 Re6 61. Rb8 Kc5 62. Rb7 Rd6+ 63. Kc2 Kc6 64. Rb4 Kc5 65. Rb8 Kc6 66.
Rb4 Kc5 1/2-1/2

[Event "SC Mülheim 1 - SG Bochum 3"]
[Site "Verbandsliga, Gruppe 2 2017/2"]
[Date "2017.10.08"]
[Round "2.8"]
[White "Lohmar, Hermann"]
[Black "Pilat, Fabian"]
[Result "1/2-1/2"]
[WhiteElo "1487"]
[BlackElo "1951"]
[PlyCount "29"]
[EventDate "2017.??.??"]

1. Nf3 d5 2. g3 Nf6 3. Bg2 Nbd7 4. d4 b5 5. b3 e6 6. O-O Bb7 7. Bb2 c5 8. dxc5
Bxc5 9. e3 O-O 10. Nbd2 Qb6 11. Bd4 Rac8 12. b4 Bxd4 13. exd4 Qc7 14. Qe2 Qd6
15. a3 1/2-1/2

[Event "SK Holsterhausen 1 - SV Mülheim-Nord 3"]
[Site "Verbandsliga, Gruppe 2 2017/2"]
[Date "2017.10.08"]
[Round "2.1"]
[White "Walter, Andreas"]
[Black "Walbaum, Klaus"]
[Result "1/2-1/2"]
[WhiteElo "2120"]
[BlackElo "2074"]
[PlyCount "28"]
[EventDate "2017.??.??"]

1. d4 Nf6 2. c4 e6 3. Nc3 Bb4 4. Qc2 b6 5. e4 Bxc3+ 6. bxc3 d6 7. Ne2 Nc6 8.
Ng3 h6 9. Bd3 e5 10. d5 Na5 11. O-O O-O 12. f4 Nd7 13. f5 Ba6 14. Qe2 Nf6
1/2-1/2

[Event "SK Holsterhausen 1 - SV Mülheim-Nord 3"]
[Site "Verbandsliga, Gruppe 2 2017/2"]
[Date "2017.10.08"]
[Round "2.2"]
[White "Kortenbusch, Christoph"]
[Black "Ozerov, Ilja"]
[Result "1/2-1/2"]
[WhiteElo "2066"]
[BlackElo "2161"]
[PlyCount "23"]
[EventDate "2017.??.??"]

1. c4 d6 2. d4 f5 3. g3 Nf6 4. Bg2 g6 5. Nc3 Bg7 6. Nh3 O-O 7. d5 Na6 8. Nf4
Nc5 9. h4 e5 10. dxe6 c6 11. h5 g5 12. h6 1/2-1/2

[Event "SK Holsterhausen 1 - SV Mülheim-Nord 3"]
[Site "Verbandsliga, Gruppe 2 2017/2"]
[Date "2017.10.08"]
[Round "2.4"]
[White "Imberg, Thorsten"]
[Black "Simanowski, Mio"]
[Result "1/2-1/2"]
[WhiteElo "1945"]
[BlackElo "1933"]
[PlyCount "59"]
[EventDate "2017.??.??"]

1. Nf3 d5 2. g3 Nf6 3. Bg2 Bf5 4. O-O c6 5. d3 Nbd7 6. b3 e5 7. Bb2 e4 8. Nd4
Bg6 9. dxe4 Bxe4 10. Bxe4 Nxe4 11. Nd2 Ndf6 12. Nxe4 Nxe4 13. Qd3 Qf6 14. Qf3
Qe5 15. Qf5 Qxf5 16. Nxf5 f6 17. Rfd1 Bc5 18. Bd4 Bxd4 19. Rxd4 g6 20. Ne3 f5
21. c4 dxc4 22. Nxc4 Ke7 23. Na5 c5 24. Rd3 b6 25. Nc6+ Ke6 26. Rad1 Nf6 27.
Rd6+ Kf7 28. Nd8+ Kg7 29. Ne6+ Kf7 30. Ng5+ 1/2-1/2

[Event "SK Holsterhausen 1 - SV Mülheim-Nord 3"]
[Site "Verbandsliga, Gruppe 2 2017/2"]
[Date "2017.10.08"]
[Round "2.5"]
[White "Kuipers, Dustin"]
[Black "Warmbier, Robert"]
[Result "1-0"]
[WhiteElo "1997"]
[BlackElo "1867"]
[PlyCount "59"]
[EventDate "2017.??.??"]

1. Nf3 c5 2. c4 g6 3. e3 Bg7 4. d4 cxd4 5. exd4 d6 6. Nc3 Nc6 7. Be3 Nf6 8. d5
Ne5 9. Nxe5 dxe5 10. Be2 O-O 11. O-O Nd7 12. Qd2 f5 13. f3 Nf6 14. Rfd1 Bd7 15.
c5 Kh8 16. Qc2 Qe8 17. b4 e6 18. dxe6 Bxe6 19. Rd6 Qf7 20. Rad1 Rfc8 21. R6d2
Bf8 22. Qb2 a5 23. Nb5 axb4 24. Qxe5 Kg7 25. Nd6 Bxd6 26. Rxd6 Re8 27. Bb5 Bd7
28. Bh6+ Kxh6 29. Qf4+ g5 30. Qd4 1-0

[Event "SK Holsterhausen 1 - SV Mülheim-Nord 3"]
[Site "Verbandsliga, Gruppe 2 2017/2"]
[Date "2017.10.08"]
[Round "2.6"]
[White "Krieglstein, Marcel"]
[Black "Mainusch, Martin"]
[Result "1/2-1/2"]
[WhiteElo "1829"]
[BlackElo "1978"]
[PlyCount "51"]
[EventDate "2017.??.??"]

1. d4 Nf6 2. c4 g6 3. Nc3 Bg7 4. e4 O-O 5. f4 c5 6. e5 Ne8 7. d5 d6 8. exd6
Nxd6 9. Nf3 Nd7 10. Bd2 Nb6 11. b3 e6 12. dxe6 Bxe6 13. Be2 Qc7 14. O-O Rad8
15. Qc1 Rfe8 16. a4 Nf5 17. a5 Nc8 18. Nb5 Qb8 19. Bc3 Nd4 20. Nfxd4 cxd4 21.
Bb2 a6 22. Na3 Nd6 23. Bd3 Nf5 24. Nc2 h5 25. Rf3 Qc7 26. Ra2 1/2-1/2

[Event "SK Holsterhausen 1 - SV Mülheim-Nord 3"]
[Site "Verbandsliga, Gruppe 2 2017/2"]
[Date "2017.10.08"]
[Round "2.7"]
[White "Grodotzki, Kenneth"]
[Black "Payes, Marco"]
[Result "1-0"]
[WhiteElo "1985"]
[BlackElo "1361"]
[PlyCount "51"]
[EventDate "2017.??.??"]

1. f4 Nf6 2. Nf3 d6 3. d3 Nc6 4. e4 e5 5. c4 Bg4 6. Be2 Qd7 7. Nc3 g6 8. O-O
Bg7 9. Be3 exf4 10. Bxf4 O-O 11. Bg5 h6 12. Bh4 Rae8 13. Qd2 Bxf3 14. Rxf3 Nh5
15. Rff1 Bd4+ 16. Kh1 Kh7 17. Nd5 Ng7 18. Bf6 Ne5 19. Be7 f5 20. Bxf8 Rxf8 21.
Rab1 c6 22. Ne3 f4 23. Nc2 Bb6 24. d4 Ng4 25. Rxf4 Nf2+ 26. Kg1 1-0

[Event "SK Holsterhausen 1 - SV Mülheim-Nord 3"]
[Site "Verbandsliga, Gruppe 2 2017/2"]
[Date "2017.10.08"]
[Round "2.8"]
[White "Chamsaz, Behzad"]
[Black "Schlenter, Ruediger"]
[Result "0-1"]
[WhiteElo "1235"]
[BlackElo "1849"]
[PlyCount "48"]
[EventDate "2017.??.??"]

1. e4 c5 2. Nf3 Nc6 3. d4 cxd4 4. Nxd4 g6 5. c3 Nf6 6. f3 Bg7 7. Nd2 O-O 8.
N2b3 d5 9. exd5 Nxd4 10. Nxd4 Nxd5 11. Be2 e5 12. Nc2 Be6 13. O-O Qc7 14. Kh1
Rad8 15. Qe1 e4 16. Qf2 Nxc3 17. bxc3 Qxc3 18. Rb1 Qxc2 19. Ba3 Rd2 20. Rfc1
Qxa2 21. Bxf8 Rxe2 22. Qc5 Bxf8 23. Qe5 exf3 24. gxf3 Rxe5 0-1

[Event "SV Recklinghausen-Süd 1 - SV Rot-Weiß-A"]
[Site "Verbandsliga, Gruppe 2 2017/2"]
[Date "2017.10.08"]
[Round "2.1"]
[White "Praß, Marian"]
[Black "Beckmann, Klaus"]
[Result "0-1"]
[WhiteElo "2005"]
[BlackElo "2152"]
[PlyCount "124"]
[EventDate "2017.??.??"]

1. e4 e6 2. d4 b6 3. Bd3 Bb7 4. Nf3 c5 5. c3 Nf6 6. Qe2 d5 7. e5 Nfd7 8. h4 Qc8
9. Nbd2 cxd4 10. cxd4 Ba6 11. O-O h6 12. Rd1 Bxd3 13. Qxd3 Be7 14. h5 Qa6 15.
Qb1 O-O 16. Nf1 Rc8 17. Rd3 Nc6 18. Bd2 Nb4 19. Bxb4 Bxb4 20. Qd1 Be7 21. Ne3
Nf8 22. g3 Rc7 23. Kg2 Rac8 24. Rd2 Nh7 25. Qe2 Qa4 26. Qd1 Qe8 27. Qh1 a5 28.
a3 b5 29. Rad1 b4 30. axb4 Bxb4 31. Re2 Qb5 32. Qf1 Nf8 33. Nh4 Be7 34. Nf3 Qb3
35. Ra1 Qb6 36. Qd1 Nd7 37. Qa4 Bb4 38. Qd1 Nb8 39. Nc2 Be7 40. Ne3 Nc6 41. Rc2
Nb4 42. Rxc7 Qxc7 43. Qa4 Ra8 44. Qb5 Bf8 45. Nd2 Nc2 46. Nxc2 Qxc2 47. Qb7 Re8
48. Nf3 Bb4 49. Qb5 Rf8 50. Ra2 Qf5 51. b3 Rc8 52. Qe2 Qxh5 53. Rc2 Rxc2 54.
Qxc2 Qf5 55. Qc8+ Kh7 56. Qd7 g5 57. Ng1 Kg7 58. Qd8 Bc3 59. Ne2 Bd2 60. f3 g4
61. fxg4 Qe4+ 62. Kh3 Qh1# 0-1

[Event "SV Recklinghausen-Süd 1 - SV Rot-Weiß-A"]
[Site "Verbandsliga, Gruppe 2 2017/2"]
[Date "2017.10.08"]
[Round "2.2"]
[White "Herud, Martin"]
[Black "Kordonowski, Frank"]
[Result "1-0"]
[WhiteElo "1985"]
[BlackElo "2000"]
[Annotator "Ralf,Callenberg"]
[PlyCount "79"]
[EventDate "2017.??.??"]

1. e4 {[%emt 0:00:00]} 1... e5 2. f4 d5 3. Nf3 exf4 4. exd5 Bg4 5. Bc4 Qe7+ 6.
Qe2 Bxf3 7. gxf3 Nd7 8. d4 g5 9. Qxe7+ Nxe7 10. h4 Nf5 11. hxg5 Nxd4 12. Kd1
O-O-O 13. Bxf4 Nxf3 14. Nd2 Nxd2 15. Bxd2 Bg7 16. Bd3 Nc5 17. Bf5+ Kb8 18. c4
b5 19. Bc3 Bxc3 20. bxc3 c6 21. Rb1 Kc7 22. Kc2 bxc4 23. dxc6 Kxc6 24. Rb4 Rhe8
25. Bg4 Re3 26. Rxc4 a5 27. Rxh7 Kb5 28. Rf4 Ne4 29. Rh2 Rxc3+ 30. Kb2 Re3 31.
Rxf7 Rg3 32. Rf4 Nc5 33. Be2+ Kc6 34. Rg4 Rd2+ 35. Kc1 Rxe2 36. Rh6+ Kd5 37.
Rxg3 Ne4 38. Ra3 Re1+ 39. Kc2 Kc4 40. Rh4 1-0

[Event "SV Recklinghausen-Süd 1 - SV Rot-Weiß-A"]
[Site "Verbandsliga, Gruppe 2 2017/2"]
[Date "2017.10.08"]
[Round "2.3"]
[White "Birdaini, Becir"]
[Black "Callenberg, Ralf"]
[Result "1-0"]
[WhiteElo "2010"]
[BlackElo "2029"]
[PlyCount "143"]
[EventDate "2017.??.??"]

1. e4 c5 2. Nf3 d6 3. Nc3 Nf6 4. Bb5+ Bd7 5. Bxd7+ Qxd7 6. O-O Nc6 7. Re1 e6 8.
d3 Be7 9. h3 O-O 10. a3 Rab8 11. Bf4 b5 12. Ne2 a5 13. Ng3 b4 14. b3 a4 15.
bxa4 Nd4 16. axb4 Rxb4 17. c3 Nxf3+ 18. gxf3 Rb2 19. Bc1 Rb7 20. Kg2 Rfb8 21.
Be3 Rb3 22. Bd2 Qc6 23. a5 Nd7 24. Qe2 Bf6 25. Rec1 Qa6 26. f4 Rb2 27. Nf1 R8b5
28. Ne3 Rb8 29. Nc4 R2b3 30. e5 Be7 31. Qd1 R3b5 32. exd6 Bxd6 33. Qf3 Bc7 34.
Re1 Nf6 35. f5 Re8 36. Bg5 Nd7 37. f6 e5 38. fxg7 Qg6 39. Qg3 f6 40. Bd2 Kxg7
41. f4 Ra8 42. Kf3 Kf7 43. Qxg6+ hxg6 44. Rab1 Rbb8 45. Rxb8 Rxb8 46. fxe5 Bxe5
47. a6 Ra8 48. Ra1 Ra7 49. Ra5 Bc7 50. Ra3 Ke6 51. Bf4 Bxf4 52. Kxf4 Kd5 53. h4
Kc6 54. Ra1 Nf8 55. Ke4 Ne6 56. d4 Nc7 57. Na5+ Kb6 58. d5 Nxa6 59. d6 Rh7 60.
Kd5 Nb8 61. Nc4+ Kb7 62. Rb1+ Kc8 63. Ke6 Rxh4 64. Nb6+ Kd8 65. Nc4 Nd7 66. Kd5
Rh3 67. Rb7 Rxc3 68. Kc6 Rxc4 69. Rxd7+ Ke8 70. Re7+ Kf8 71. Re6 Rd4 72. d7 1-0

[Event "SV Recklinghausen-Süd 1 - SV Rot-Weiß-A"]
[Site "Verbandsliga, Gruppe 2 2017/2"]
[Date "2017.10.08"]
[Round "2.4"]
[White "Mecklenburg, Roland"]
[Black "Cavasin, JÃ¶rg"]
[Result "1/2-1/2"]
[WhiteElo "2010"]
[BlackElo "1891"]
[PlyCount "42"]
[EventDate "2017.??.??"]

1. d4 d5 2. Nf3 Nf6 3. c4 e6 4. Nc3 Be7 5. Bg5 O-O 6. e3 Nc6 7. Rc1 h6 8. Bxf6
Bxf6 9. cxd5 exd5 10. Qb3 Ne7 11. Be2 c6 12. O-O Nf5 13. Na4 Re8 14. Qb4 Be7
15. Qd2 Bd6 16. Nc5 Nh4 17. g3 Nxf3+ 18. Bxf3 Qe7 19. Qd3 g6 20. Qb3 Rb8 21.
Rfe1 Bxc5 1/2-1/2

[Event "SV Recklinghausen-Süd 1 - SV Rot-Weiß-A"]
[Site "Verbandsliga, Gruppe 2 2017/2"]
[Date "2017.10.08"]
[Round "2.5"]
[White "Rohloff, Markus"]
[Black "Höfker, Mathias"]
[Result "1/2-1/2"]
[WhiteElo "1851"]
[BlackElo "2047"]
[PlyCount "69"]
[EventDate "2017.??.??"]

1. e4 e5 2. f4 exf4 3. Nf3 d5 4. exd5 Nf6 5. Nc3 Nxd5 6. Nxd5 Qxd5 7. d4 Bg4 8.
Bxf4 Qe4+ 9. Qe2 Bxf3 10. gxf3 Qxe2+ 11. Bxe2 Bd6 12. Bb5+ Nd7 13. Be5 Bxe5 14.
Bxd7+ Kxd7 15. dxe5 Ke6 16. O-O-O Rad8 17. f4 Rhe8 18. c3 Rxd1+ 19. Rxd1 Re7
20. b4 Rd7 21. Rd4 Rxd4 22. cxd4 g6 23. Kd2 Kd5 24. Kd3 c6 25. a4 b6 26. b5 c5
27. dxc5 bxc5 28. a5 c4+ 29. Kc3 Kc5 30. b6 axb6 31. axb6 Kxb6 32. Kxc4 Kc6 33.
Kd4 Kd7 34. Kd5 Ke7 35. Kd4 1/2-1/2

[Event "SV Recklinghausen-Süd 1 - SV Rot-Weiß-A"]
[Site "Verbandsliga, Gruppe 2 2017/2"]
[Date "2017.10.08"]
[Round "2.6"]
[White "Hajra, Hetem"]
[Black "Avgustin, Thomas"]
[Result "1-0"]
[WhiteElo "1936"]
[BlackElo "1709"]
[PlyCount "51"]
[EventDate "2017.??.??"]

1. e4 g6 2. d4 Bg7 3. c3 d6 4. Nf3 Nf6 5. e5 dxe5 6. Nxe5 O-O 7. Be2 Nbd7 8.
Nxd7 Qxd7 9. O-O a5 10. Bf3 a4 11. Re1 Ra6 12. Bf4 b5 13. a3 Rd8 14. Nd2 c5 15.
dxc5 Qf5 16. Be3 e5 17. Qb1 Nd5 18. Ne4 Nxe3 19. Rxe3 Bh6 20. Rd3 Re8 21. Nd6
Rxd6 22. Rxd6 e4 23. Bxe4 Qxc5 24. Rd5 Qc4 25. Rd4 Qe6 26. Bf3 1-0

[Event "SV Recklinghausen-Süd 1 - SV Rot-Weiß-A"]
[Site "Verbandsliga, Gruppe 2 2017/2"]
[Date "2017.10.08"]
[Round "2.7"]
[White "Metzner, Carsten"]
[Black "Stahlhofen, Thomas"]
[Result "0-1"]
[WhiteElo "1787"]
[BlackElo "1824"]
[PlyCount "140"]
[EventDate "2017.??.??"]

1. d4 e6 2. c4 d5 3. Nc3 c6 4. e3 Nf6 5. Nf3 Nbd7 6. Bd3 dxc4 7. Bxc4 Be7 8.
O-O b6 9. Bd2 Bb7 10. a4 O-O 11. a5 bxa5 12. Na4 Ne4 13. Be1 Bb4 14. Qb3 Qe7
15. Nc3 Ndf6 16. Bd3 c5 17. Qc2 Bxc3 18. bxc3 Rfc8 19. c4 Nd6 20. Ne5 Be4 21.
Bxa5 Bxd3 22. Qxd3 Nd7 23. Nxd7 Qxd7 24. dxc5 Rxc5 25. Bb4 Rc6 26. Rfd1 Rd8 27.
Ba5 Rdc8 28. c5 Rxc5 29. Bb4 Rd5 30. Qa6 Rc6 31. Rxd5 Rxa6 32. Rxa6 exd5 33.
Rxd6 Qc7 34. g3 h6 35. Rxd5 Qc1+ 36. Kg2 Qc6 37. e4 f5 38. f3 fxe4 39. fxe4
Qc2+ 40. Kh3 Qxe4 41. Rd8+ Kh7 42. Bd2 a5 43. Bxa5 Qf5+ 44. Kg2 Qxa5 45. Rf8
Qd5+ 46. Kf1 Kg6 47. Rf2 Kg5 48. Kg1 Qd4 49. Kg2 h5 50. h3 h4 51. g4 g6 52. Rf3
Qe4 53. Kf2 Qc2+ 54. Kg1 Qe2 55. Ra3 Qe1+ 56. Kg2 Qd2+ 57. Kf3 Qd5+ 58. Ke2
Qg2+ 59. Ke1 Kf4 60. Rd3 Qe4+ 61. Kd2 Qxd3+ 62. Kxd3 Kg3 63. Ke3 Kxh3 64. Kf4
Kg2 65. g5 h3 66. Ke5 h2 67. Kf6 h1=Q 68. Kxg6 Qh8 69. Kf7 Qh7+ 70. Kf6 Qg8 0-1

[Event "SV Recklinghausen-Süd 1 - SV Rot-Weiß-A"]
[Site "Verbandsliga, Gruppe 2 2017/2"]
[Date "2017.10.08"]
[Round "2.8"]
[White "Weiß, Alexander"]
[Black "Drawe, Thomas"]
[Result "1/2-1/2"]
[WhiteElo "1383"]
[BlackElo "1861"]
[PlyCount "69"]
[EventDate "2017.??.??"]

1. d4 e6 2. c4 Nf6 3. Nc3 d5 4. Nf3 Be7 5. e3 O-O 6. Bd3 b6 7. O-O Bb7 8. b3
Nbd7 9. cxd5 exd5 10. Re1 Ne4 11. Bxe4 dxe4 12. Ne5 Nxe5 13. dxe5 Bb4 14. Bb2
Qe7 15. Qg4 Qxe5 16. Na4 h5 17. Bxe5 hxg4 18. Red1 c5 19. Bc3 Bxc3 20. Nxc3
Rfd8 21. Rxd8+ Rxd8 22. Rd1 Rd3 23. Rxd3 exd3 24. Kf1 a6 25. Na4 Bc6 26. Nxb6
Bxg2+ 27. Ke1 Bc6 28. Kd2 Kh7 29. Kxd3 Kg6 30. Kc4 Kh5 31. Kxc5 Bb7 32. Kd4 Kh4
33. Ke5 f6+ 34. Kf4 Kh3 35. e4 1/2-1/2

[Event "SC Doppelbauer Brambauer 1 - SG Gladbec"]
[Site "Verbandsliga, Gruppe 2 2017/2"]
[Date "2017.10.08"]
[Round "2.1"]
[White "Hassenrueck, Helmut"]
[Black "Schulz, Hartmut"]
[Result "0-1"]
[WhiteElo "2093"]
[BlackElo "2042"]
[PlyCount "94"]
[EventDate "2017.??.??"]

1. d4 e6 2. Nf3 f5 3. g3 Nf6 4. Bg2 Be7 5. O-O O-O 6. c4 d6 7. Nc3 Ne4 8. Nxe4
fxe4 9. Nd2 d5 10. f3 exf3 11. Nxf3 Bf6 12. Be3 Bd7 13. Rc1 Nc6 14. Qd2 Qe7 15.
Bf4 Be8 16. g4 g6 17. Bh6 Bg7 18. Bxg7 Kxg7 19. Qe3 dxc4 20. Rxc4 Rd8 21. Ne5
Rxf1+ 22. Kxf1 Rd6 23. g5 Qd8 24. Bxc6 Bxc6 25. Nxc6 bxc6 26. Qe5+ Kg8 27. Rc3
Qc8 28. Rf3 Qe8 29. Rf6 Qe7 30. e3 Qe8 31. h4 a6 32. Qa5 Qc8 33. Qe5 Qe8 34. b3
Qd7 35. Qc5 Kg7 36. Qc4 a5 37. Qc5 Qc8 38. Qxa5 Rd5 39. Qa3 c5 40. dxc5 e5 41.
Qb4 Qh3+ 42. Ke2 Qg2+ 43. Rf2 Qg1 44. Kf3 Rd7 45. Rg2 Rf7+ 46. Kg3 Qxe3+ 47.
Kh2 Rf4 0-1

[Event "SC Doppelbauer Brambauer 1 - SG Gladbec"]
[Site "Verbandsliga, Gruppe 2 2017/2"]
[Date "2017.10.08"]
[Round "2.2"]
[White "Koth, Stefan"]
[Black "Mancic, Ivan"]
[Result "0-1"]
[WhiteElo "2045"]
[BlackElo "2107"]
[Annotator "Daniel"]
[PlyCount "73"]
[EventDate "2017.??.??"]

1. c4 e5 2. Nc3 Bb4 3. Qc2 Nc6 4. e3 Nf6 5. Nf3 d5 6. cxd5 Nxd5 7. Nxd5 Qxd5 8.
Bc4 Qd8 9. a3 Bd6 10. b4 Qe7 11. Bd5 O-O 12. Bb2 Be6 13. Bxc6 bxc6 14. Qxc6 Bd7
15. Qc3 f6 16. O-O g5 17. e4 Qf7 18. Rac1 Rae8 19. Qe3 Qh5 20. h3 Rf7 21. Nh2
Qg6 22. g4 h5 23. Kg2 Rh7 24. Rh1 Kf7 25. Qxa7 $11 Qxe4+ 26. f3 Qd5 27. Qe3 e4
28. Qd4 exf3+ 29. Kg1 Qxd4+ 30. Bxd4 Reh8 31. Nxf3 hxg4 32. Nxg5+ fxg5 33. Bxh8
gxh3 34. Bd4 g4 35. Bc5 h2+ 36. Kf1 Bb5+ 37. Kf2 {ZAo} 0-1

[Event "SC Doppelbauer Brambauer 1 - SG Gladbec"]
[Site "Verbandsliga, Gruppe 2 2017/2"]
[Date "2017.10.08"]
[Round "2.3"]
[White "Frohne, Gerd"]
[Black "Wagner, Norbert"]
[Result "0-1"]
[WhiteElo "2064"]
[BlackElo "2022"]
[PlyCount "92"]
[EventDate "2017.??.??"]

1. d4 f5 2. Nf3 g6 3. g3 d6 4. Bg2 Bg7 5. O-O Nh6 6. c4 c6 7. Nc3 Nf7 8. e4 O-O
9. Re1 e5 10. d5 c5 11. a3 Na6 12. Rb1 Bd7 13. b4 b6 14. Bd2 Rc8 15. b5 Nc7 16.
Qc1 h6 17. Nh4 Qf6 18. exf5 gxf5 19. Rb3 Nh8 20. Bh3 Rcd8 21. Nd1 Ng6 22. Ng2
Rf7 23. f4 e4 24. Bc3 Qe7 25. Nde3 Bd4 26. Qb2 Qf6 27. Rd1 Bxc3 28. Qxc3 Qxc3
29. Rxc3 h5 30. Kf2 Kg7 31. Rb1 Kf6 32. a4 Rh7 33. a5 h4 34. g4 fxg4 35. Nxg4+
Kg7 36. axb6 axb6 37. Ra1 Rf8 38. Ra7 Nxf4 39. Nxf4 Rxf4+ 40. Ke1 Bxg4 41.
Rxc7+ Kg6 42. Rc6 Bxh3 43. Rxh3 Kf5 44. Rxd6 Ke5 45. Rxb6 Kd4 46. Re6 Rhf7 0-1

[Event "SC Doppelbauer Brambauer 1 - SG Gladbec"]
[Site "Verbandsliga, Gruppe 2 2017/2"]
[Date "2017.10.08"]
[Round "2.4"]
[White "Zimmermann, Dirk"]
[Black "Berg, Dietmar"]
[Result "1/2-1/2"]
[WhiteElo "1938"]
[BlackElo "1969"]
[PlyCount "40"]
[EventDate "2017.??.??"]

1. c4 c5 2. Nc3 Nc6 3. g3 g6 4. Bg2 Bg7 5. Nf3 Nf6 6. O-O O-O 7. d4 cxd4 8.
Nxd4 Qa5 9. Nxc6 dxc6 10. Qc2 Ng4 11. Bd2 Qh5 12. h4 h6 13. Nd1 Be6 14. Ne3
Rfd8 15. Bf3 Nxe3 16. Bxe3 Bg4 17. Bxg4 Qxg4 18. Rad1 Be5 19. Kg2 Kg7 20. b3 b6
1/2-1/2

[Event "SC Doppelbauer Brambauer 1 - SG Gladbec"]
[Site "Verbandsliga, Gruppe 2 2017/2"]
[Date "2017.10.08"]
[Round "2.5"]
[White "Holtkamp, Matthias"]
[Black "Jochmann, Christian"]
[Result "1-0"]
[WhiteElo "1961"]
[BlackElo "1821"]
[PlyCount "85"]
[EventDate "2017.??.??"]

1. d4 Nf6 2. c4 e6 3. Nf3 d5 4. Nc3 Be7 5. e3 O-O 6. Bd3 b6 7. O-O Bb7 8. b3
Nbd7 9. Bb2 c5 10. Rc1 Rc8 11. Qe2 dxc4 12. Bxc4 Qc7 13. Rfd1 Rfd8 14. h3 Qb8
15. Rd2 Qa8 16. Rcd1 Ne4 17. Nxe4 Bxe4 18. Ne1 Bf6 19. f3 Bb7 20. dxc5 Nxc5 21.
Bxf6 gxf6 22. Nd3 Nxd3 23. Rxd3 Bc6 24. Rd4 Rxd4 25. Rxd4 Rd8 26. Rg4+ Kf8 27.
Qe1 Qb8 28. Qc1 Qd6 29. Rd4 Qe7 30. Rxd8+ Qxd8 31. Bxe6 Bxf3 32. Bf5 Qd5 33.
Qc8+ Kg7 34. gxf3 Qd1+ 35. Kf2 Qd2+ 36. Kg3 Qxe3 37. Qc2 Qg5+ 38. Kh2 Qf4+ 39.
Kg1 Kh6 40. Kg2 Qg5+ 41. Bg4 f5 42. Qxf5 Qd2+ 43. Kg3 1-0

[Event "SC Doppelbauer Brambauer 1 - SG Gladbec"]
[Site "Verbandsliga, Gruppe 2 2017/2"]
[Date "2017.10.08"]
[Round "2.6"]
[White "Rips, Frank"]
[Black "Rickert, Stefan"]
[Result "0-1"]
[WhiteElo "1791"]
[BlackElo "1911"]
[PlyCount "54"]
[EventDate "2017.??.??"]

1. e4 c5 2. d4 cxd4 3. c3 d3 4. c4 d6 5. Bxd3 g6 6. Nf3 Bg7 7. Nc3 Nc6 8. O-O
Nf6 9. Re1 Bg4 10. h3 Bxf3 11. Qxf3 Nd7 12. Qg3 Nde5 13. Nd5 e6 14. Nf4 Qa5 15.
Rd1 O-O 16. Bd2 Qc7 17. Bf1 Rac8 18. Rac1 Rfd8 19. Bc3 Qe7 20. b3 Bh6 21. Bd2
Bg7 22. Bc3 Bf6 23. Nd3 Bh4 24. Qe3 Nxd3 25. Bxd3 Bf6 26. Be2 e5 27. Rd5 Bg5
0-1

[Event "SC Doppelbauer Brambauer 1 - SG Gladbec"]
[Site "Verbandsliga, Gruppe 2 2017/2"]
[Date "2017.10.08"]
[Round "2.7"]
[White "Kucheyda, Joerg"]
[Black "Gregoritsch, Dirk"]
[Result "1-0"]
[WhiteElo "1939"]
[BlackElo "1725"]
[PlyCount "69"]
[EventDate "2017.??.??"]

1. d4 Nf6 2. c4 e6 3. Nc3 Bb4 4. Qc2 O-O 5. a3 Bxc3+ 6. Qxc3 Ne4 7. Qc2 f5 8.
Nf3 b6 9. g3 Bb7 10. Bg2 Qc8 11. O-O d6 12. b3 Nd7 13. Bb2 Ndf6 14. Rad1 a5 15.
Nd2 Nxd2 16. Bxb7 Qxb7 17. Qxd2 d5 18. f3 Qc8 19. Rc1 Qd7 20. Rc2 Ra7 21. Rfc1
h6 22. Qd3 Rf7 23. c5 Rf8 24. cxb6 cxb6 25. a4 Rb8 26. Rc6 Rab7 27. Qb5 Kh7 28.
Ba3 Ne8 29. Kg2 Kg8 30. R1c3 Kf7 31. h4 g6 32. Bc1 Nc7 33. Qd3 h5 34. Bf4 Rc8
35. Qc2 1-0